TV Title Fill-in-the-Blank Quiz Stats

 Plays Quiz Updated May 8, 2018

Support Sporcle.
Go Orange.
Score 0/40 Timer 04:00
3 Plays Today
Title Missing Word % Correct
The _____ Prince of Bel-AirFresh
98.4%
How I Met Your _____Mother
97.4%
_____ and the CitySex
97.2%
The Big Bang _____Theory
96.7%
Two and a _____ MenHalf
96.6%
America's Next Top _____Model
96.1%
Grey's _____Anatomy
94.1%
Gilmore _____Girls
93.4%
_____, the Teenage WitchSabrina
92.8%
Father Knows _____Best
92.7%
Whose Line Is It _____?Anyway
91.8%
One _____ HillTree
91%
Are You _____ of the Dark?Afraid
90.4%
Xena: Warrior _____Princess
88.7%
_____ of the HillKing
87.7%
Law & Order: Special Victims _____Unit
87.3%
The Facts of _____Life
86.7%
_____ BettyUgly
85.6%
_____ in the MiddleMalcolm
85.4%
Three's _____Company
84.9%
Title Missing Word % Correct
Mission: _____Impossible
84.7%
Melrose _____Place
82.9%
Unsolved _____Mysteries
77.2%
Leave It to _____Beaver
77.1%
As The _____ TurnsWorld
72.1%
The _____ ZoneTwilight
72%
Party of _____Five
68.8%
_____ the PressMeet
59.3%
Charles In _____Charge
58.1%
Diagnosis _____Murder
57.1%
The _____ Million Dollar ManSix
55.3%
The _____ DiariesVampire
54.9%
The Rockford _____Files
52.9%
Rocko's _____ LifeModern
52.4%
Monty Python's _____ CircusFlying
50.9%
Designing _____Women
42.7%
Knots _____Landing
42.5%
Fawlty _____Towers
40.9%
The Greatest American _____Hero
40%
Falcon _____Crest
35.4%

You're not logged in!

Compare scores with friends on all Sporcle quizzes.
OR
Log In

From the Vault

Weakest Link: Continents

by themightymoosh

Are Africa-shaped pancakes considered a continental breakfast?
Remove Ads.
Support Sporcle.
Get the best of Sporcle when you Go Orange. This ad-free experience offers more features, more stats, and more fun while also helping to support Sporcle. Thank you for becoming a member.

Show Comments

Extras

Top Quizzes Today


Score Distribution

Your Account Isn't Verified!

In order to create a playlist on Sporcle, you need to verify the email address you used during registration. Go to your Sporcle Settings to finish the process.

Report this User

Report this user for behavior that violates our Community Guidelines.

Details: